British Economists and the Empire : (Record no. 613276)

MARC details
000 -LEADER
fixed length control field 00482nam a2200181 a 4500
008 - FIXED-LENGTH DATA ELEMENTS--GENERAL INFORMATION
fixed length control field 260220s2017##################000#0#eng##
020 ## - INTERNATIONAL STANDARD BOOK NUMBER
ISBN 9781138230712
082 04 - DEWEY DECIMAL CLASSIFICATION NUMBER
Classification number 330.0942
Item number CUN.13
100 1# - MAIN ENTRY--AUTHOR NAME
Personal name Wood, John Cunningham,
245 10 - TITLE STATEMENT
Title British Economists and the Empire :
260 ## - PUBLICATION, DISTRIBUTION, ETC. (IMPRINT)
Name of publisher Routledge,
Year of publication 2017.
300 ## - PHYSICAL DESCRIPTION
Number of Pages 322 pages
942 ## - ADDED ENTRY ELEMENTS (KOHA)
Koha item type English Books
Holdings
Withdrawn status Lost status Damaged status Not for loan Home library Current library Date acquired Full call number Accession Number Price effective from Koha item type
        Anna Centenary Library Anna Centenary Library 20.02.2026 330.0942 CUN.13 603717 20.02.2026 English Books

Find us on the map